Precalculus / (Record no. 5490)

000 -LEADER
fixed length control field 00554nam a22002057a 4500
008 - FIXED-LENGTH DATA ELEMENTS--GENERAL INFORMATION
fixed length control field 150911b xxu||||| |||| 00| 0 eng d
020 ## - INTERNATIONAL STANDARD BOOK NUMBER
International Standard Book Number 100321528840
050 ## - LIBRARY OF CONGRESS CALL NUMBER
Classification number QA 154.3 .L56 2009
100 ## - MAIN ENTRY--PERSONAL NAME
Personal name Lial,Margaret L.
Dates associated with a name 2009
245 ## - TITLE STATEMENT
Title Precalculus /
Statement of responsibility, etc. Margaret L.Lial,John Hornsby,Callie J. Daniels & David I. Schneider
250 ## - EDITION STATEMENT
Edition statement 4th ed.
260 ## - PUBLICATION, DISTRIBUTION, ETC. (IMPRINT)
Place of publication, distribution, etc. Boston :
Name of publisher, distributor, etc. Pearson,
Date of publication, distribution, etc. 2009.
300 ## - PHYSICAL DESCRIPTION
Extent xix,1094[139]p. :
Other physical details ill. ;
Dimensions 26cm.
500 ## - GENERAL NOTE
General note include index.
650 ## - SUBJECT ADDED ENTRY--TOPICAL TERM
Topical term or geographic name as entry element Algebra.
650 ## - SUBJECT ADDED ENTRY--TOPICAL TERM
Topical term or geographic name as entry element Trigonomentry.
700 ## - ADDED ENTRY--PERSONAL NAME
Personal name Hornsby,John.
700 ## - ADDED ENTRY--PERSONAL NAME
Personal name Schneider,David I.
700 ## - ADDED ENTRY--PERSONAL NAME
Personal name Daniels,Callie.
942 ## - ADDED ENTRY ELEMENTS (KOHA)
Source of classification or shelving scheme
Koha item type Hard Covered Materials
Koha issues (borrowed), all copies 2
Classification part QA 154.3 .L56 2009
Holdings
Withdrawn status Lost status Source of classification or shelving scheme Damaged status Not for loan Home library Current library Date acquired Source of acquisition Total Checkouts Full call number Barcode Date last seen Date last checked out Price effective from Koha item type
          MACHAKOS UNIVERSITY LIBRARY MACHAKOS UNIVERSITY LIBRARY 11/09/2015 Donation (B.F.A) 3 HD 30.28 .P43 2011 9155 15/11/2019 02/11/2019 11/09/2015 Hard Covered Materials
© Machakos University Library, Along The Highway, Machakos Wote Rd, Machakos, Kenya P.O. Box 136 - 90100 Machakos - Kenya

Tel: ( +254 ) 723 805829 OR Fax : 044-20353 OR Email: library@mksu.ac.ke